01800cam a22004574i 4500003000900000005001700009008004100026035001800067040003300085049000900118082002000127100002900147245004800176264003700224300003800261336002100299337002500320338002300345505023200368526001000600526001000610526001000620526001000630526000800640526000800648526000800656526000800664526000800672526000800680526000800688650003500696650004000731910001800771942001400789949013600803994001400939596000600953999015900959980005501118952016901173PE-LiUPU20250731173522.0150616s1990 xxk r 000 0 eng d a(Sirsi) a8321 aPE-LiUPUbspacPE-LiUPUerda aPRUA04a248.32bA572211 aAndrew, Brother,eautor.10aAnd God Changed his Mind /cBrother Andrew. 1aNew York :bChosen Books,c1990. a191 páginas ;c21 centímetros atext2rdacontent aunmediated2rdamedia avolume2rdacarrier0 aWwe are not Helpless! -- Who Can Change God's Mind?Asking According to god's Mind? -- Come boldlu Before the Throne -- How, Then, Shall We Pray? -- When It's Satan's Will, Not God's -- What should We Be Asking God to Do today?. aSEG42 aSEG41 aSEG40 aSEG39 aP94 aP87 aP86 aP85 aP77 aP76 aP3514aOraciónxCristianismo.9128924aDios (cristianismo)xInmutabilidad. ajckbjvqcjck 2ddccBOOK a248.32 A57wDEWEYc1i41898lCCODEBUL1mBULp25.00r0sYtBOOKu19961028xTEOLOGIAzUNKNOWN0COMPRAo.STAFF. Colección Teología aC0bPEPRU a1 a248.32 A57wDEWEYc59661i41898f2021-11-11g5lCCODEBUL1mBULp25.00r0sYtBOOKu2015-6-16xTEOLOGIAPP350COMPRAo.STAFF. Colección Teologíad59661 81gALBERTO SANCHEZ Responsable de Automatización r2025-12-03 00:00:00i6l0o248.32 A57p41898te1v30.00w2015-06-16xFTyBKzinventario-2023-12-13102ddc50708GENfP35aBULbBULcGENd2015-06-16eCOMPRAg25.00